| 000 | 01712am a2200421a 44500 | ||
|---|---|---|---|
| 003 | AR-BaBNM | ||
| 005 | 20251128203205.0 | ||
| 008 | 077019s1971 #AR|||||||||||000 | spa|| | ||
| 040 | _cAR-BaBNM | ||
| 245 | 1 | 0 |
_aCómo enseñar a pensar _bteoría y aplicación |
| 250 | _a1ª ed. | ||
| 260 |
_aBuenos Aires _bPaidós _bCentro Regional de Ayuda Técnica. Agencia para el Desarrollo Internacional _c1971 |
||
| 300 |
_a470 p. _btablas |
||
| 500 | _aEsta publicación ha sido preparada conjuntamente por la editorial y el Centro Regional de Ayuda Técnica, Agencia para el Desarrollo Internacional AID, Departamento de Estado del Gobierno de los Estados Unidos de América. El Centro es una organización dedi | ||
| 500 | _aEl ejemplar cuyo número de inventario es 064241 corrresponde a la colección "Creatividad y métodos" de la editorial Paidós | ||
| 504 | _aBibliografía: p. 463-470 | ||
| 650 | 4 | _aTEORIAS DEL APRENDIZAJE | |
| 650 | 4 | _aMETODOS DE ENSEÑANZA | |
| 650 | 4 | _aINTELIGENCIA PRACTICA | |
| 650 | 4 | _aAPTITUD PEDAGOGICA | |
| 650 | 4 | _aPROCESO DEL PENSAMIENTO | |
| 650 | 4 | _aDESARROLLO INTELECTUAL | |
| 650 | 4 | _aRAZONAMIENTO ABSTRACTO | |
| 650 | 4 | _aDESARROLLO COGNOSCITIVO | |
| 650 | 4 | _aDESARROLLO DE LA CREATIVIDAD | |
| 650 | 4 | _aDESARROLLO DEL LENGUAJE | |
| 650 | 4 | _aOBJETIVOS EDUCACIONALES | |
| 653 | _aPROCESO DE ENSEÑANZA-APRENDIZAJE | ||
| 653 | _aEDUCACION SECUNDARIA | ||
| 700 | 1 |
_aRaths, Louis E. _ecolaborador |
|
| 700 | 1 |
_aWassermann, Selma _ecolaborador |
|
| 700 | 1 |
_aJonas, Arthur _ecolaborador |
|
| 700 | 1 |
_aRothstein, Arnold M. _ecolaborador |
|
| 700 | 1 |
_aWadel, Leonardo _etraductor |
|
| 700 | 1 |
_aMirlas, León _etraductor |
|
| 942 | _cBK | ||
| 998 | _csilvi | ||
| 999 |
_c2308 _d2308 |
||